Podniková ekonomika
Gespeichert in:
| 1. Verfasser: | |
|---|---|
| Format: | Buch |
| Sprache: | Tschechisch |
| Veröffentlicht: |
Praha
C.H. Beck
2000
|
| Ausgabe: | 2. vyd. |
| Schriftenreihe: | Beckovy ekonomické učebnice
|
| Schlagworte: | |
| Tags: |
Keine Tags, Fügen Sie das erste Tag hinzu!
|
MARC
| LEADER | 00000nam a2200000 4500 | ||
|---|---|---|---|
| 001 | c123290 | ||
| 005 | 20221214070131.9 | ||
| 020 | |a 80-7179-388-4 | ||
| 041 | 0 | |a cze | |
| 044 | |a CZ | ||
| 245 | 1 | 0 | |a Podniková ekonomika |c Miloslav Synek a kol. |
| 250 | |a 2. vyd. | ||
| 264 | 1 | |a Praha |b C.H. Beck |c 2000 | |
| 300 | |a 456 s. | ||
| 490 | 1 | |a Beckovy ekonomické učebnice | |
| 830 | 0 | |a Beckovy ekonomické učebnice | |
| 610 | 2 | 0 | |a podnik |
| 610 | 2 | 0 | |a hospodárstvo podnikové |
| 610 | 2 | 0 | |a výroba |
| 610 | 2 | 0 | |a odbyt |
| 610 | 2 | 0 | |a náklady |
| 610 | 2 | 0 | |a financie podnikové |
| 610 | 2 | 0 | |a prostredie podnikové |
| 610 | 2 | 0 | |a funkcie podniku ekonomické |
| 610 | 2 | 0 | |a majetok podnikový |
| 610 | 2 | 0 | |a riadenie podnikové |
| 610 | 2 | 0 | |a marketing |
| 610 | 2 | 0 | |a výkonnosť |
| 610 | 2 | 0 | |a výkony podnikové |
| 610 | 2 | 0 | |a financovanie podnikov |
| 610 | 2 | 0 | |a investície |
| 610 | 2 | 0 | |a účtovníctvo |
| 610 | 2 | 0 | |a banky |
| 610 | 2 | 0 | |a ruch cestovný |
| 610 | 2 | 0 | |a živnosti |
| 610 | 2 | 0 | |a podnikanie medzinárodné |
| 610 | 2 | 0 | |a zdravotníctvo |
| 610 | 2 | 0 | |a ekonómovia |
| 610 | 2 | 0 | |a počítače |
| 100 | 1 | |a Synek, Miloslav | |